|
|
|
|
| LEADER |
01024nam a2200241 a 4500 |
| 001 |
GR-MES4952 |
| 008 |
991111s1996 gr 000 0 gre d |
| 020 |
|
|
|a 9602324066
|
| 040 |
|
|
|a GrPaTEI
|b gre
|c GR-PaULI
|
| 245 |
0 |
0 |
|a Πολιτικά κόμματα στην Κυπριακή δημοκρατία :
|b Η εξέλιξη προς τη θεσμοποίηση.
|
| 260 |
|
|
|a Αθήνα :
|b Αντ. Ν. Σάκκουλας,
|c 1996
|
| 300 |
|
|
|a 70σελ.
|
| 500 |
|
|
|a Περιέχει βιβλιογραφία
|
| 650 |
|
4 |
|a ΔΗΜΟΚΡΑΤΙΑ
|
| 650 |
|
4 |
|a ΚΟΜΜΑΤΑ
|
| 650 |
|
4 |
|a Κύπρος
|
| 650 |
|
4 |
|a ΠΟΛΙΤΕΥΜΑ
|
| 650 |
|
4 |
|a Πολιτικά Κόμματα
|
| 700 |
1 |
|
|a Μέλισσας, Δημήτρης Κ.
|
| 942 |
|
|
|2 ddc
|
| 952 |
|
|
|0 0
|1 0
|2 ddc
|4 0
|6 324_245000000000000_645_ΜΕΛ
|7 0
|9 269595
|a MSLG
|b MSLG
|c BSC
|d 2021-01-17
|e 24
|f 0
|g 0.00
|l 0
|o 324.245 645 ΜΕΛ
|p 2420000014485
|r 2021-01-17 00:00:00
|t 1
|w 2021-01-17
|y BK15
|x 19991111 0 1
|x GrPaTEI
|
| 971 |
|
|
|a .b25759991
|b 16-04-20
|c 13-09-16
|
| 999 |
|
|
|c 155572
|d 155572
|